000 00599nam a2200241Ia 4500
005 20250425160743.0
008 250425s9999 xx 000 0 und d
020 _a9561401193
041 _aspa
082 _a658.404
100 _aFONTAINE, ERNESTO R.
245 0 _aEVALUACION SOCIAL DE PROYECTOS
250 _a11A ED.
260 _aChile
_bUNIVERSIDAD CATOLICA DE CHILE
_c1997
260 _aSANTIAGO DE CHILE
300 _a466
650 _aCOSTOS
650 _aEVALUACION DE PROYECTOS
650 _aINGENIERIA ECONOMICA
650 _aINVERSIONES
942 _c01
010 _a4447
999 _c195471
_d195471